Capitais mundiais mais próximas de Singapura - corrida de um minuto - Statistics

Estatísticas Gerais
  • Esse quiz foi jogado 16 vezes
  • A pontuação média é 9 de 20
Estatísticas das Respostas
km capital % Correto
902 Jakarta
92%
309 Kuala Lumpur
83%
4465 Pequim
75%
1426 Banguecoque
58%
2198 Hanói
58%
2652 Díli
50%
2391 Manila
50%
4142 Nova Deli
50%
1855 Vientiane
50%
1296 Bandar Seri Begawan
42%
1142 Phnom Penh
42%
3250 Taipé
42%
2881 Daca
33%
3274 Thimbu
33%
2720 Colombo
25%
2210 Naypyidaw
25%
3530 Catmandu
17%
3380 Malé
17%
3481 Ngerulmud
8%
4813 Islamabad
0%
Nenhum quiz correspondente encontrado
Distribuição das Pontuações
Porcentagem de Pessoas com Cada Pontuação
Percentil de Números Respondidos
Sua Pontuação Histórica
Você não jogou esse quiz